MARC

LEADER 00000nam0a2200000 4500
001 255442
005 20231101233027.0
010 |a 5279002437 
020 |a RU  |b 90-53459 
035 |a (RuTPU)RU\TPU\book\277954 
090 |a 255442 
100 |a 20140328d1989 k y0rusy5003 ca 
101 0 |a rus 
102 |a RU 
105 |a y z 001zy 
200 1 |a Информатика - электроника - сети  |f Э. А. Якубайтис 
210 |a Москва  |c Финансы и статистика  |d 1989 
215 |a 198,[2] с.  |c ил. 
225 1 |a Человек и компьютер 
320 |a Библиогр.: с. 189 (20 назв.). 
606 1 |a Информатика  |2 stltpush  |3 (RuTPU)RU\TPU\subj\12879 
606 1 |a Электроника  |2 stltpush  |3 (RuTPU)RU\TPU\subj\20310  |9 45419 
606 1 |a Вычислительные сети  |2 stltpush  |3 (RuTPU)RU\TPU\subj\67469  |9 83254 
610 0 |a Информационные сети 
610 1 |a информация 
610 1 |a обработка 
610 1 |a информационные системы 
675 |a 621.38  |z rus  |v 3 
675 |a 681.324  |z rus  |v 3 
686 |a Ч23  |2 rubbk 
700 1 |a Якубайтис  |b Э. А.  |g Эдуард Александрович  |4 070 
801 0 |a RU  |b RuMRKP  |c 19950417  |g psbo 
801 1 |a RU  |b 63413507  |c 20140328 
801 2 |a RU  |b 63413507  |c 20170217  |g RCR 
942 |c BK